Marketing guidebook for major imported products 2000.
| Format: | Book |
|---|---|
| Published: |
[S.l]: JETRO,
2000.
|
| Subjects: |
| LEADER | 00436cam a2200133 7i4500 | ||
|---|---|---|---|
| 001 | 0000014287 | ||
| 005 | 20050805090000.0 | ||
| 090 | 0 | 0 | |a CD 338.7 |b JAP (JAPN) |
| 245 | 0 | 0 | |a Marketing guidebook for major imported products 2000. |
| 260 | 0 | 0 | |b [S.l]: |b JETRO, |c 2000. |
| 300 | # | # | |a Electronic computer optical disc(CD-ROM). |
| 650 | 0 | 0 | |a Marketing -- |z Guidebook, manual |
| 651 | 0 | 0 | |a Japan |
| 999 | |a CDR000298H |b CD-ROM |c AV Collection |e Business Information Centre | ||